000
00235nam a2200097Ia 4500
008
190216s9999||||xx |||||||||||||| ||und||
100
_a
Kesavan Nair & Secria
245
0
_a
Grama Vikasanam
260
_b
Kerala Basha Inst
942
_c
BK
999
_c
37837
_d
37837